Půlnoční kroniky. Noční přísaha /
Romantická fantasy série dvojice německých autorek pokračuje příběhem Harper Iwanovové a Julese Marlowa.
Uloženo v:
| Série: | Půlnoční kroniky,
část 6 |
|---|---|
| Hlavní autor: | |
| Další autoři: | , |
| Médium: | E-kniha |
| Jazyk: | Czech |
| Vydáno: |
Praha :
Dobrovský s.r.o.,
2024
|
| Edice: | Red
|
| Témata: | |
| Příbuzné jednotky: | Z cyklu::
Půlnoční kroniky |
| Tagy: |
Žádné tagy |
| LEADER | 02967nam a2200493 i 4500 | ||
|---|---|---|---|
| 001 | 312422 | ||
| 003 | CZ PrSKC | ||
| 005 | 20260601215722.0 | ||
| 007 | ta | ||
| 008 | 240530s2024 xr g 000 f cze | ||
| 015 | |a cnb003608497 | ||
| 020 | |a 9788027713608 |q (vázáno) | ||
| 035 | |a (OCoLC)1459785699 | ||
| 040 | |a ABG001 |b cze |e rda | ||
| 041 | 1 | |a cze |h ger | |
| 072 | 7 | |a 821.112.2-3 |x Německá próza, německy psaná |2 Konspekt | |
| 080 | |a 821.112.2-31 |2 MRF | ||
| 080 | |a (0:82-312.9) |2 MRF | ||
| 100 | 1 | |a Kneidl, Laura, |d 1990- |7 xx0251449 |4 aut | |
| 240 | 1 | 0 | |a Nachtswur. |l Česky |
| 245 | 1 | 0 | |a Půlnoční kroniky. |p Noční přísaha / |c Laura Kneidl, Bianca Iosivoni ; přeložila Hana Chyzy |
| 246 | 3 | 0 | |a Noční přísaha |
| 264 | 1 | |a Praha : |b Dobrovský s.r.o., |c 2024 | |
| 300 | |a 400 stran ; |c 21 cm | ||
| 336 | |a text |b txt |2 rdacontent | ||
| 337 | |a bez média |b n |2 rdamedia | ||
| 338 | |a svazek |b nc |2 rdacarrier | ||
| 490 | 1 | |a Red | |
| 500 | |a Přeloženo z němčiny | ||
| 520 | 2 | |a Romantická fantasy série dvojice německých autorek pokračuje příběhem Harper Iwanovové a Julese Marlowa. |b Harper s Holdenem přišli o rodiče, když byli ještě dětmi - stalo se to při útoku čarodějů na shromáždění lovců v Petrohradě. Na rozdíl od svého bratra je Harper pořád ještě plná smutku a nenávisti a nechá se vést touhou po pomstě. Jules Marlowe je do Harper Iwanovové beznadějně zamilovaný už od jejich společného loveckého výcviku. Je přesvědčený, že za chladnou, arogantní fasádou krásné Magic Huntress se skrývá mnohem víc. Když však král upírů promění Julese v jednoho ze svých služebníků, poslední jiskřička naděje pro něj i Harper zmizí. Nejenže se kdysi přátelský Grim Hunter stane jedním z tvorů, proti nimž Harper bojuje, ale navíc, ve své touze po krvi, vážně zraní svého bratra-dvojče. Po Dni krveprolití si tak Harper doplní do seznamu jméno dalšího nepřítele - Julese - a začne i jeho neúnavně pronásledovat... Nakladatelská anotace. Kráceno. | |
| 655 | 7 | |a německé romány |7 fd132945 |2 czenas | |
| 655 | 7 | |a fantasy romány |7 fd184199 |2 czenas | |
| 655 | 9 | |a German fiction |2 eczenas | |
| 655 | 9 | |a fantasy novels |2 eczenas | |
| 700 | 1 | |a Iosivoni, Bianca, |d 1986- |7 xx0252956 |4 aut | |
| 700 | 1 | |a Chyzy, Hana |7 jo20231184327 |4 trl | |
| 765 | 1 | |t Midnight chronicles | |
| 787 | 0 | 8 | |i Z cyklu: |t Půlnoční kroniky |g 6 |
| 830 | 0 | |a Red | |
| 900 | |a ABA001 |b 20 | ||
| 044 | |a xr | ||
| 910 | |a RBIT002 | ||
| 998 | |d 406264 |a https://core.palmknihy.cz/api/books/406264/cover?seliwf |b https://core.palmknihy.cz/api/books/406264/cover/400?seliwf |c https://core.palmknihy.cz/api/books/406264/cover/50?seliwf |e 2028-04-01 |g 416 |i 9788027713608 |j https://core.palmknihy.cz/api/books/406264/preview.epub |k https://core.palmknihy.cz/api/books/406264/preview.pdf |l |q 49 |r 1 |s https://www.palmknihy.cz/kniha/406264 |t ebook |y 2024 |z 0 |v Půlnoční kroniky |w 6 | ||
| 999 | |d 312420 | ||